000 00776nam a2200229Ii 4500
003 JO-AjNU
008 230605s9999||||xx |||||||||||||| ||und||
017 _a22/0576
020 _a9960-20-899-0
040 _aJO-AjNU
_bara
_erda
_cJO-AjNU
041 _aara
050 1 4 _aBP170.U8322.2001
100 3 _aفؤاد، عبد المنعم,
_eauthor
_962078
245 0 0 _aمن افتراءات المستشرقين على الاصول العقدية في الاسلام
250 _aط1
264 3 1 _aالرياض: مكتبة العبيكات، 2001
300 _a282ص
336 _atext
_btxt
_2rdacontent
337 _aunmediated
_bn
_2rdamedia
338 _avolume
_bnc
_2rdacarrier
650 4 _aالاستشراق والمستشرقون-الغزو الفكري
_962079
999 _aA28092
_c31660
_d31660